000 00888nab a2200253 u 4500
001 14464
003 HDC
007 cr bn ---aaaaa
008 210215c xx dr|noo 0 a eng d
040 _aHDC
100 _aCho, Liz.,
_eauthor
_915042
245 0 _a32,000 pounds of meat recalled because it may contain milk /
_cby Liz Cho
260 _a[No place] :
_b[publisher not identified],
_c[no date]
336 _atext
_2rdacontent
337 _acomputer
_2rdamedia
338 _aonline resource
_2rdacarrier
650 _aFood
_xSafety measure
_910860
650 _aMeat industry and trade
_zNew Jersey
_915043
710 _aEyewitness News
856 _zRequest full-text at [email protected]
942 _2lcc
942 _cNEWS
942 _kNWSO 004135
999 _c11780
_d11780